• 首页
  • 本馆介绍
  • 公告通知
  • 最新文献
  • 馆藏检索
  • 电子资源
  • 读者导购
  • 参考咨询
  • 我的图书馆
  • 登录
  • 详细信息显示
  • 放入我的书架
  • 预约/预借图书
  • 作者相关作品
  • 分类相关作品
  • 丛书相关作品
  • 出版社相关作品

书目信息

  • 表格格式
  • 工作单格式
  • 卡片格式
题名:
郡县治 天下安
    
 
作者: 罗骥 著
分册:  
出版信息: 北京   人民日报出版社  2017
页数: 205页
开本: 24cm
丛书名: 人民日报学术文库
单 册:
中图分类: D625
科图分类:
主题词: 县--地方政府--行政管理--研究--中国
电子资源:
ISBN: 978-7-5115-4851-1
000 01219oam2 2200265 450
001 012001003476
005 20140926114740.0
010    @a978-7-5115-4851-1@b精装@dCNY68.00
100    @a20180217d2017 em y0chiy50 ea
101 0  @achi
102    @aCN@b110000
105    @ay z 000yy
106    @ar
200 1  @a郡县治 天下安@9jun xian zhi tian xia an@e县级政府化解社会矛盾应对策略探研@f罗骥著
210    @a北京@c人民日报出版社@d2017
215    @a205页@d24cm
225 1  @a人民日报学术文库
330    @a本书聚焦中国政治结构上最基础、最稳定、历史最悠久的县级政府架构,以近年典型的突发性事件为重点,通过解剖麻雀的方式,从行政管理学的角度,以多中心治理理论理性思维的方式,把事件置于经济社会发展的全局中来研讨,探究事件的偶发因素和必然因素,追溯起因、经过及结果,力求找到社会矛盾诱发突发性事件的相关规律,立足以人为本的基点探索县级政府化解群体性事件思路变革的政策与策略。
461  0 @12001 @a人民日报学术文库
517 1  @a县级政府化解社会矛盾应对策略探研@9xian ji zheng fu hua jie she hui mao dun ying dui ce lue tan yan
606 0  @a县@x地方政府@x行政管理@x研究@y中国
690    @aD625@v5
701  0 @c(侗)@a罗骥@9luo ji@f(1983~)@4著
801  0 @aCN@b上海新华@c20180901
905    @b1162929-33@dD625@e103@f5
    
    郡县治 天下安:县级政府化解社会矛盾应对策略探研/罗骥著.-北京:人民日报出版社,2017
    205页;24cm.-(人民日报学术文库)
    
    
    ISBN 978-7-5115-4851-1(精装):CNY68.00
    本书聚焦中国政治结构上最基础、最稳定、历史最悠久的县级政府架构,以近年典型的突发性事件为重点,通过解剖麻雀的方式,从行政管理学的角度,以多中心治理理论理性思维的方式,把事件置于经济社会发展的全局中来研讨,探究事件的偶发因素和必然因素,追溯起因、经过及结果,力求找到社会矛盾诱发突发性事件的相关规律,立足以人为本的基点探索县级政府化解群体性事件思路变革的政策与策略。
●
相关链接 在E读中查询图书 在五车中查询图书 在当当中查询图书 在豆瓣中查询图书


正题名:郡县治 天下安     索取号:D625/103         预约/预借

序号 登录号 条形码 馆藏地/架位号 状态 备注
1 1162929   211629291   第一样本阅览室/ [索取号:D625/103] 在馆    
2 1162930   211629308   密集书库-史法系/ [索取号:D625/103] 在馆    
3 1162931   211629317   第一借阅区/ [索取号:D625/103] 在馆    
4 1162932   211629326   第一借阅区/ [索取号:D625/103] 在馆    
5 1162933   211629335   第一借阅区/ [索取号:D625/103] 在馆    
唐山师范学院图书馆 欢迎您!
大连网信软件有限公司© 版权所有